| 000 | 00624nam a2200157 i 4500 | ||
|---|---|---|---|
| 001 | 68869 | ||
| 003 | ES-MaACL | ||
| 007 | t| | ||
| 008 | 040715q18701890fr ||||1| fre d | ||
| 100 | 1 |
_aBouhy, Victor. _930880 |
|
| 245 | 1 | 0 |
_aNouveaux appareils de chimie de M. J. Letoret... _b: notice des procès-verbaux des séances de l'association des ingénieurs sortis de l'Ecole de Mines de Liége (section scientifique de Mons) / _cpar M. V. Bouhy. |
| 260 |
_a[S.l. : _bs.n., _c188-?] |
||
| 300 |
_a16 p., 1 h. pleg. ; _c22 cm. |
||
| 700 | 1 |
_aLetoret, J. _971885 |
|
| 852 |
_aES-MaACL _jB-7690(14) _q. - Encuadernado con otras obras |
||
| 999 |
_c68869 _d68869 |
||